000 00302nam a22001337a 4500
008 170329b xxu||||| |||| 00| 0 eng d
020 _a9780131702943
041 _aeng
080 _28TH
_a796.3
100 _a8
101 _aSHM
245 _aTHE CAREER FITNESS PROGRAM
_cSUKIENNIK, D
942 _2udc
_cBK
999 _c8893
_d8893